Представление документа в формате RUSMARC

ПолеНазваниеЗначение
  Тип записи a
  Библиографический уровень m
001 Контрольный номер RU/SLIB/B/208709359
005 Дата корректировки 20241023145358.5
010 Индекс ISBN __
d Цена 10-00
101 Язык документа 0_
a Язык текста rus
c Язык оригинала eng
200 Заглавие и сведения об ответственности 1_
a Заглавие Путеводитель покупателя компьютера
e Сведения, относящиеся к заглавию [пер. с англ.]
f Первые сведения об ответственности С. Ньюмэн
b Общее обозначение материала Текст
210 Выходные данные 1_
a Место издания М.
c Издательство КУбК-а
d Дата издания 1997
215 Физическое описание __
a Объем 332 с.
606 Тематические рубрики __
a Основная рубрика Вычислительная техника
606 Тематические рубрики __
a Основная рубрика Программирование ЭВМ. Компьютерные программы. Программотехника
606 Тематические рубрики __
a Основная рубрика Вычислительные сети
606 Тематические рубрики __
a Основная рубрика Виды компьютеров
606 Тематические рубрики __
a Основная рубрика Системное программное обеспечение
610 Ключевые слова 0_
a Ключевые слова модемы; мультимедиа; CD-ROM; мониторы; видеоплата; цифровые технологии; магнитные диски; интерфейсы; память; принтеры; сканеры; факс-модем
686 Индексы других классификаций __
2 Код системы rubbks
a Классификационный индекс 32.973я2
700 Автор _1
a Фамилия Ньюмэн
b Имя С.
4 Код отношения 070
801 Источник записи _0
a Страна RU
b Организация Муниципальное бюджетное учреждение культуры "Централизованная библиотечная система" г. Сургут (Центральная городская библиотека им. А. С. Пушкина)
g Правила каталогизации ОБ/Котельникова
801 Источник записи _1
a Страна RU
b Организация Муниципальное бюджетное учреждение культуры "Централизованная библиотечная система" г. Сургут (Центральная городская библиотека им. А. С. Пушкина)
g Правила каталогизации ОБ/Котельникова
852 Данные о местонахождении __
j Шифр хранения 32.973я2
i Авторский знак Н 93
p Инвентарный номер 76186
901 Тип документа __
t Тип документа m
903 Характеристики (МАРС) __
a Дата передачи 20000621
969 Тип издания __
a Тип издания путеводитель
990 Данные о заказе (DOS) 00
j Количество экземпляров (DOS) 1
t N записи в КСУ для И/У (DOS) 200001